From the mixed-up files of Mrs. Basil E. Frankweiler (Record no. 8972)

MARC details
000 -LEADER
fixed length control field 00947nam a22002297a 4500
003 - CONTROL NUMBER IDENTIFIER
control field OSt
005 - DATE AND TIME OF LATEST TRANSACTION
control field 20260312005004.0
008 - FIXED-LENGTH DATA ELEMENTS--GENERAL INFORMATION
fixed length control field 260312b |||||||| |||| 00| 0 eng d
020 ## - INTERNATIONAL STANDARD BOOK NUMBER
International Standard Book Number 0-440-43180-8
040 ## - CATALOGING SOURCE
Original cataloging agency DWCL GS lib
Transcribing agency OC
082 ## - DEWEY DECIMAL CLASSIFICATION NUMBER
Edition number K837f 1967
100 ## - MAIN ENTRY--PERSONAL NAME
Personal name KONIGSBURG, E.L.
245 ## - TITLE STATEMENT
Title From the mixed-up files of Mrs. Basil E. Frankweiler
Statement of responsibility, etc. KONIGSBURG, E.L.
260 ## - PUBLICATION, DISTRIBUTION, ETC.
Place of publication, distribution, etc. New York
Name of publisher, distributor, etc. Bantam Doubleday Dell Books for Young Readers
Date of publication, distribution, etc. 1967
300 ## - PHYSICAL DESCRIPTION
Extent vii, 162 pages
Dimensions 19cm.
520 ## - SUMMARY, ETC.
Summary, etc. From the Mixed-Up Files of Mrs. Basil E. Frankweiler by E.L. Konigsburg follows 12-year-old Claudia Kincaid and her brother Jamie as they run away from their suburban home to live in the Metropolitan Museum of Art.
546 ## - LANGUAGE NOTE
Language note English
600 ## - SUBJECT ADDED ENTRY--PERSONAL NAME
Source of heading or term 1. The Search for Identity and Self-Worth
650 ## - SUBJECT ADDED ENTRY--TOPICAL TERM
Source of heading or term The Search for Identity and Self-Worth
650 ## - SUBJECT ADDED ENTRY--TOPICAL TERM
Source of heading or term The Moral Value of Knowledge and Curiosity
942 ## - ADDED ENTRY ELEMENTS (KOHA)
Source of classification or shelving scheme Dewey Decimal Classification
Koha item type Fiction
Classification part Fic.
Suppress in OPAC No

No items available.